[Event "European Online Club-ch-C 2021"]
[Site "Online"]
[Date "2021.03.27"]
[Round "7.2"]
[White "Gallevci, Yagiz"]
[Black "Martinez Alcantara, Jose Eduardo"]
[Result "0-1"]
[WhiteElo "2069"]
[BlackElo "2620"]
[Annotator "ChessBase"]
[PlyCount "100"]
[EventDate "2021.03.27"]
[EventType "team-tourn"]
[EventCountry "NET"]
[SourceTitle "playchess.com"]
[Source "ChessBase"]
[SourceQuality "1"]
[TimeControl "900+5"]

1. e4 {[%emt 0:00:00]} e5 {[%emt 0:00:04]} 2. Nf3 {[%emt 0:00:03]} Nc6 {[%emt 0:00:01]} 3. Bb5 {[%emt 0:00:23]} a6 {[%emt 0:00:02]} 4. Bxc6 {[%emt 0:00:02]} dxc6 {[%emt 0:00:02]} 5. Nc3 {[%emt 0:00:00]} f6 {[%emt 0:01:19]} 6. d4 {[%emt 0:00:04]} exd4 {[%emt 0:00:02]} 7. Qxd4 {[%emt 0:00:01]} Qxd4 {[%emt 0:00:25]} 8. Nxd4 {[%emt 0:00:02]} Bd7 {[%emt 0:00:01]} 9. Be3 {[%emt 0:00:15]} Bb4 {[%emt 0:00:50]} 10. Nde2 {[%emt 0:00:10]} Ne7 {[%emt 0:00:03]} 11. O-O-O {[%emt 0:00:08]} O-O-O {[%emt 0:00:20]} 12. Na4 {[%emt 0:01:30]} Ng6 {[%emt 0:01:22]} 13. Bc5 {[%emt 0:00:25]} a5 {[%emt 0:01:46]} 14. c3 {[%emt 0:00:53]} Bxc5 {[%emt 0:00:04]} 15. Nxc5 {[%emt 0:00:00]} Ne5 {[%emt 0:00:01]} 16. h3 {[%emt 0:01:54]} Rhe8 {[%emt 0:00:04]} 17. Ng3 {[%emt 0:00:34]} b6 {[%emt 0:00:24]} 18. Nxd7 {[%emt 0:00:07]} Nxd7 {[%emt 0:00:01]} 19. Kc2 {[%emt 0:00:11]} g6 {[%emt 0:00:19]} 20. Rhe1 {[%emt 0:00:47]} Re7 {[%emt 0:00:02]} 21. Re2 {[%emt 0:00:30]} Rde8 {[%emt 0:00:20]} 22. Rde1 {[%emt 0:01:03]} c5 {[%emt 0:00:20]} 23. Nf1 {[%emt 0:01:24]} c4 {[%emt 0:01:07]} 24. Nd2 {[%emt 0:01:06]} Ne5 {[%emt 0:00:15]} 25. Rf1 {[%emt 0:01:32]} b5 {[%emt 0:00:25]} 26. f4 {[%emt 0:00:37]} Nd7 {[%emt 0:00:35]} 27. a4 {[%emt 0:00:05]} c6 {[%emt 0:00:08]} 28. Ra1 {[%emt 0:00:10]} Kb7 {[%emt 0:00:36]} 29. axb5 {[%emt 0:00:19]} cxb5 {[%emt 0:00:01]} 30. Rxa5 {[%emt 0:00:01]} Kb6 {[%emt 0:00:02]} 31. Ra1 {[%emt 0:00:01]} Nc5 {[%emt 0:00:01]} 32. b3 {[%emt 0:01:44]} cxb3+ {[%emt 0:00:34]} 33. Nxb3 {[%emt 0:00:00]} Rxe4 {[%emt 0:00:01]} 34. Rxe4 {[%emt 0:00:36]} Rxe4 {[%emt 0:00:04]} 35. Nd4 {[%emt 0:00:18]} Rxf4 {[%emt 0:00:03]} 36. Ra8 {[%emt 0:00:38]} Rf2+ {[%emt 0:00:03]} 37. Kd1 {[%emt 0:00:01]} Ne4 {[%emt 0:00:08]} 38. Ke1 {[%emt 0:00:10]} Rxg2 {[%emt 0:00:04]} 39. Rb8+ {[%emt 0:00:02]} Kc7 {[%emt 0:00:41]} 40. Rxb5 {[%emt 0:00:05]} Rg1+ {[%emt 0:00:13]} 41. Ke2 {[%emt 0:00:17]} Nxc3+ {[%emt 0:00:01]} 42. Kf2 {[%emt 0:00:01]} Nxb5 {[%emt 0:00:01]} 43. Nxb5+ {[%emt 0:00:01]} Kb6 {[%emt 0:00:02]} 44. Kxg1 {[%emt 0:00:01]} Kxb5 {[%emt 0:00:01]} 45. Kf2 {[%emt 0:00:00]} Kc4 {[%emt 0:00:01]} 46. Kf3 {[%emt 0:00:01]} Kd5 {[%emt 0:00:01]} 47. Kf4 {[%emt 0:00:00]} Ke6 {[%emt 0:00:01]} 48. h4 {[%emt 0:00:01]} h5 {[%emt 0:00:01]} 49. Ke4 {[%emt 0:00:02]} g5 {[%emt 0:00:01]} 50. hxg5 {[%emt 0:00:02]} fxg5 {[%emt 0:00:01]} 0-1

[Event "European Online Club-ch-C 2021"]
[Site "Online"]
[Date "2021.03.27"]
[Round "7.3"]
[White "Gukesh D"]
[Black "Yagiz, Bora"]
[Result "1-0"]
[WhiteElo "2563"]
[BlackElo "1877"]
[Annotator "ChessBase"]
[PlyCount "49"]
[EventDate "2021.03.27"]
[EventType "team-tourn"]
[EventCountry "NET"]
[SourceTitle "playchess.com"]
[Source "ChessBase"]
[SourceQuality "1"]
[TimeControl "900+5"]

1. d4 {[%emt 0:00:00]} d6 {[%emt 0:00:15]} 2. Nf3 {[%emt 0:00:04]} f5 {[%emt 0:00:05]} 3. c4 {[%emt 0:00:03]} Nf6 {[%emt 0:00:02]} 4. Nc3 {[%emt 0:00:02]} g6 {[%emt 0:00:00]} 5. g3 {[%emt 0:00:18]} Bg7 {[%emt 0:00:02]} 6. Bg2 {[%emt 0:00:00]} O-O {[%emt 0:00:02]} 7. O-O {[%emt 0:00:02]} c6 {[%emt 0:00:01]} 8. d5 {[%emt 0:00:01]} e5 {[%emt 0:01:16]} 9. dxe6 {[%emt 0:00:04]} Bxe6 {[%emt 0:00:02]} 10. b3 {[%emt 0:00:14]} Nh5 {[%emt 0:01:11]} 11. Nd4 {[%emt 0:00:23]} Re8 {[%emt 0:01:18]} 12. e3 {[%emt 0:00:06]} a5 {[%emt 0:00:54]} 13. Bb2 {[%emt 0:00:05]} Qc7 {[%emt 0:01:04]} 14. Qd2 {[%emt 0:00:10]} Na6 {[%emt 0:00:03]} 15. Rfd1 {[%emt 0:00:13]} Nc5 {[%emt 0:01:27]} 16. Qc2 {[%emt 0:00:31]} Nf6 {[%emt 0:00:29]} 17. a3 {[%emt 0:00:11]} Bf7 {[%emt 0:01:34]} 18. b4 {[%emt 0:00:06]} axb4 {[%emt 0:00:01]} 19. axb4 {[%emt 0:00:02]} Nce4 {[%emt 0:00:20]} 20. Nxe4 {[%emt 0:00:05]} Nxe4 {[%emt 0:00:20]} 21. g4 {[%emt 0:00:38]} Qd7 {[%emt 0:05:43]} 22. gxf5 {[%emt 0:00:23]} gxf5 {[%emt 0:00:03]} 23. Rxa8 {[%emt 0:00:07]} Rxa8 {[%emt 0:00:03]} 24. Bh3 {[%emt 0:00:02]} Bg6 {[%emt 0:00:12]} 25. Qxe4 {[%emt 0:00:03]} 1-0

[Event "European Online Club-ch-C 2021"]
[Site "Online"]
[Date "2021.03.27"]
[Round "7.4"]
[White "Deveci, Huseyin Said"]
[Black "Alvarez Fernandez, Enrique"]
[Result "0-1"]
[WhiteElo "1521"]
[BlackElo "2349"]
[Annotator "NA"]
[PlyCount "98"]
[EventDate "2021.03.27"]
[EventType "team-tourn"]
[EventCountry "NET"]
[SourceTitle "playchess.com"]
[Source "ChessBase"]
[SourceQuality "1"]
[TimeControl "900+5"]

1. e4 {[%emt 0:00:00]} c5 {[%emt 0:00:04]} 2. Nf3 {[%emt 0:00:06]} d6 {[%emt 0:00:03]} 3. d4 {[%emt 0:00:02]} cxd4 {[%emt 0:00:03]} 4. Nxd4 {[%emt 0:00:01]} Nf6 {[%emt 0:00:04]} 5. Nc3 {[%emt 0:00:02]} a6 {[%emt 0:00:03]} 6. Bg5 {[%emt 0:00:12]} e6 {[%emt 0:00:04]} 7. Qd2 {[%emt 0:00:03]} Be7 {[%emt 0:00:12]} 8. O-O-O {[%emt 0:00:09]} h6 {[%emt 0:00:58]} 9. Bxf6 {[%emt 0:01:23]} Bxf6 {[%emt 0:00:10]} 10. f3 {[%emt 0:00:07]} O-O {[%emt 0:02:06]} 11. Kb1 {[%emt 0:00:16]} b5 {[%emt 0:00:48]} 12. g4 {[%emt 0:01:49]} Bb7 {[%emt 0:00:28]} 13. Bg2 {[%emt 0:01:15]} Nd7 {[%emt 0:00:13]} 14. Nde2 {[%emt 0:01:08]} Be7 {[%emt 0:00:35]} 15. Ng3 {[%emt 0:00:49]} Ne5 {[%emt 0:01:04]} 16. Nh5 {[%emt 0:02:13]} Rc8 {[%emt 0:00:39]} 17. f4 {[%emt 0:01:30]} Nc4 {[%emt 0:00:44]} 18. Qd4 {[%emt 0:00:44]} e5 {[%emt 0:00:21]} 19. fxe5 {[%emt 0:00:31]} dxe5 {[%emt 0:00:54]} 20. Qa7 {[%emt 0:00:23]} Qc7 {[%emt 0:01:08]} 21. Rd3 {[%emt 0:03:25]} Bc5 {[%emt 0:00:24]} 22. Nd5 {[%emt 0:00:19]} Bxa7 {[%emt 0:01:19]} 23. Nxc7 {[%emt 0:00:03]} Rxc7 {[%emt 0:00:02]} 24. Rhd1 {[%emt 0:00:12]} Ne3 {[%emt 0:00:13]} 25. R1d2 {[%emt 0:00:06]} Nxg2 {[%emt 0:00:04]} 26. Rxg2 {[%emt 0:00:02]} Bxe4 {[%emt 0:00:03]} 27. Rgg3 {[%emt 0:00:04]} Bxd3 {[%emt 0:00:03]} 28. Rxd3 {[%emt 0:00:02]} Rc4 {[%emt 0:00:13]} 29. h3 {[%emt 0:00:06]} Rd4 {[%emt 0:00:05]} 30. Kc1 {[%emt 0:00:03]} Rxd3 {[%emt 0:00:03]} 31. c3 {[%emt 0:00:02]} Rxh3 {[%emt 0:00:13]} 32. Kc2 {[%emt 0:00:18]} Rxh5 {[%emt 0:00:02]} 33. gxh5 {[%emt 0:00:02]} g6 {[%emt 0:00:02]} 34. hxg6 {[%emt 0:00:02]} fxg6 {[%emt 0:00:03]} 35. Kd2 {[%emt 0:00:04]} h5 {[%emt 0:00:05]} 36. Ke2 {[%emt 0:00:02]} e4 {[%emt 0:00:07]} 37. Ke1 {[%emt 0:00:01]} Rf2 {[%emt 0:00:04]} 38. b3 {[%emt 0:00:03]} e3 {[%emt 0:00:04]} 39. b4 {[%emt 0:00:03]} Kf7 {[%emt 0:00:03]} 40. a3 {[%emt 0:00:01]} Ke6 {[%emt 0:00:02]} 41. Kd1 {[%emt 0:00:03]} Kd5 {[%emt 0:00:03]} 42. Ke1 {[%emt 0:00:02]} Kc4 {[%emt 0:00:05]} 43. Kd1 {[%emt 0:00:01]} Kd3 {[%emt 0:00:02]} 44. Ke1 {[%emt 0:00:02]} h4 {[%emt 0:00:05]} 45. c4 {[%emt 0:00:01]} bxc4 {[%emt 0:00:03]} 46. a4 {[%emt 0:00:01]} h3 {[%emt 0:00:04]} 47. b5 {[%emt 0:00:01]} axb5 {[%emt 0:00:03]} 48. axb5 {[%emt 0:00:01]} h2 {[%emt 0:00:02]} 49. b6 {[%emt 0:00:01]} h1=R# {[%emt 0:00:04]} 0-1

[Event "European Online Club-ch-C 2021"]
[Site "Online"]
[Date "2021.03.27"]
[Round "7.5"]
[White "Babula, Vlastimil"]
[Black "Nguyen, Thai Dai Van"]
[Result "1/2-1/2"]
[WhiteElo "2559"]
[BlackElo "2577"]
[Annotator "ChessBase"]
[PlyCount "88"]
[EventDate "2021.03.27"]
[EventType "team-tourn"]
[EventCountry "NET"]
[SourceTitle "playchess.com"]
[Source "ChessBase"]
[SourceQuality "1"]
[TimeControl "900+5"]

1. d4 {[%emt 0:00:00]} d5 {[%emt 0:00:03]} 2. c4 {[%emt 0:00:08]} dxc4 {[%emt 0:00:00]} 3. e3 {[%emt 0:00:03]} Nf6 {[%emt 0:00:01]} 4. Bxc4 {[%emt 0:00:03]} e6 {[%emt 0:00:00]} 5. Nf3 {[%emt 0:00:04]} c5 {[%emt 0:00:01]} 6. O-O {[%emt 0:00:10]} a6 {[%emt 0:00:02]} 7. a4 {[%emt 0:00:03]} cxd4 {[%emt 0:00:02]} 8. exd4 {[%emt 0:00:03]} Nc6 {[%emt 0:00:02]} 9. Nc3 {[%emt 0:00:06]} Be7 {[%emt 0:00:02]} 10. Re1 {[%emt 0:00:39]} O-O {[%emt 0:00:05]} 11. Bf4 {[%emt 0:00:42]} Qb6 {[%emt 0:00:55]} 12. Qb3 {[%emt 0:03:07]} Qxb3 {[%emt 0:02:40]} 13. Bxb3 {[%emt 0:00:04]} Bd7 {[%emt 0:00:00]} 14. Rad1 {[%emt 0:00:28]} Rac8 {[%emt 0:03:50]} 15. d5 {[%emt 0:00:49]} exd5 {[%emt 0:00:23]} 16. Nxd5 {[%emt 0:00:25]} Nxd5 {[%emt 0:00:05]} 17. Bxd5 {[%emt 0:00:05]} Bf6 {[%emt 0:00:56]} 18. b3 {[%emt 0:02:45]} Bf5 {[%emt 0:00:15]} 19. h3 {[%emt 0:00:45]} h6 {[%emt 0:02:00]} 20. Ne5 {[%emt 0:00:52]} Bxe5 {[%emt 0:02:00]} 21. Bxe5 {[%emt 0:00:04]} Rfe8 {[%emt 0:00:25]} 22. Bb2 {[%emt 0:00:28]} Rxe1+ {[%emt 0:00:24]} 23. Rxe1 {[%emt 0:00:04]} Rd8 {[%emt 0:00:01]} 24. Bxc6 {[%emt 0:01:32]} bxc6 {[%emt 0:00:00]} 25. Rc1 {[%emt 0:00:03]} Rd2 {[%emt 0:00:08]} 26. Ba3 {[%emt 0:00:47]} Be4 {[%emt 0:00:31]} 27. Bc5 {[%emt 0:01:26]} Bc2 {[%emt 0:00:10]} 28. Be3 {[%emt 0:00:12]} Rd1+ {[%emt 0:00:03]} 29. Rxd1 {[%emt 0:00:03]} Bxd1 {[%emt 0:00:00]} 30. b4 {[%emt 0:00:02]} Bxa4 {[%emt 0:00:01]} 31. f3 {[%emt 0:00:04]} f6 {[%emt 0:00:03]} 32. Kf2 {[%emt 0:00:02]} Kf7 {[%emt 0:00:00]} 33. Bc5 {[%emt 0:00:02]} Bb5 {[%emt 0:00:08]} 34. g4 {[%emt 0:00:04]} g5 {[%emt 0:00:02]} 35. Kg3 {[%emt 0:00:05]} Be2 {[%emt 0:00:03]} 36. f4 {[%emt 0:00:03]} Bb5 {[%emt 0:00:08]} 37. h4 {[%emt 0:00:05]} Be2 {[%emt 0:00:05]} 38. hxg5 {[%emt 0:00:12]} hxg5 {[%emt 0:00:03]} 39. f5 {[%emt 0:00:08]} Ke8 {[%emt 0:00:05]} 40. Bd4 {[%emt 0:00:04]} Ke7 {[%emt 0:00:02]} 41. Bc3 {[%emt 0:00:03]} Kf7 {[%emt 0:00:01]} 42. Bd4 {[%emt 0:00:02]} Ke7 {[%emt 0:00:01]} 43. Bc3 {[%emt 0:00:02]} Kf7 {[%emt 0:00:01]} 44. Bd4 {[%emt 0:00:02]} Ke7 {[%emt 0:00:02]} 1/2-1/2

[Event "European Online Club-ch-C 2021"]
[Site "Online"]
[Date "2021.03.27"]
[Round "7.6"]
[White "Plat, Vojtech"]
[Black "Grigorian, Spartak"]
[Result "1-0"]
[WhiteElo "2552"]
[BlackElo "2458"]
[Annotator "ChessBase"]
[PlyCount "107"]
[EventDate "2021.03.27"]
[EventType "team-tourn"]
[EventCountry "NET"]
[SourceTitle "playchess.com"]
[Source "ChessBase"]
[SourceQuality "1"]
[TimeControl "900+5"]

1. d4 {[%emt 0:00:00]} Nf6 {[%emt 0:00:04]} 2. Nf3 {[%emt 0:00:22]} g6 {[%emt 0:00:06]} 3. e3 {[%emt 0:00:12]} Bg7 {[%emt 0:00:06]} 4. c4 {[%emt 0:00:06]} O-O {[%emt 0:00:23]} 5. Nbd2 {[%emt 0:00:12]} b6 {[%emt 0:00:11]} 6. Bd3 {[%emt 0:00:04]} Bb7 {[%emt 0:00:03]} 7. O-O {[%emt 0:00:02]} e6 {[%emt 0:00:15]} 8. b3 {[%emt 0:00:04]} c5 {[%emt 0:00:08]} 9. Bb2 {[%emt 0:00:03]} Nc6 {[%emt 0:00:27]} 10. Rc1 {[%emt 0:00:15]} Qe7 {[%emt 0:00:12]} 11. Bb1 {[%emt 0:00:08]} Rac8 {[%emt 0:00:33]} 12. Re1 {[%emt 0:00:05]} cxd4 {[%emt 0:00:57]} 13. exd4 {[%emt 0:00:03]} d5 {[%emt 0:00:03]} 14. a3 {[%emt 0:00:23]} Rfd8 {[%emt 0:00:05]} 15. c5 {[%emt 0:00:03]} bxc5 {[%emt 0:01:04]} 16. dxc5 {[%emt 0:01:18]} a5 {[%emt 0:00:03]} 17. Qe2 {[%emt 0:00:12]} Ra8 {[%emt 0:00:34]} 18. Qb5 {[%emt 0:00:32]} Qc7 {[%emt 0:00:36]} 19. Ne5 {[%emt 0:00:58]} Nd7 {[%emt 0:00:48]} 20. f4 {[%emt 0:02:24]} Ncxe5 {[%emt 0:01:33]} 21. fxe5 {[%emt 0:00:03]} Ba6 {[%emt 0:02:16]} 22. Qa4 {[%emt 0:00:03]} Nxe5 {[%emt 0:00:07]} 23. Bd4 {[%emt 0:00:32]} Rdb8 {[%emt 0:00:26]} 24. Bf2 {[%emt 0:00:33]} Nc6 {[%emt 0:02:30]} 25. Nf3 {[%emt 0:00:39]} e5 {[%emt 0:00:06]} 26. Bg3 {[%emt 0:00:22]} Bb5 {[%emt 0:00:19]} 27. Qh4 {[%emt 0:00:10]} f6 {[%emt 0:00:29]} 28. Red1 {[%emt 0:00:39]} Rd8 {[%emt 0:00:03]} 29. Ba2 {[%emt 0:00:54]} Qf7 {[%emt 0:00:11]} 30. Rd2 {[%emt 0:00:25]} e4 {[%emt 0:01:27]} 31. Ne1 {[%emt 0:00:32]} g5 {[%emt 0:00:55]} 32. Qg4 {[%emt 0:00:06]} h5 {[%emt 0:00:20]} 33. Qd1 {[%emt 0:00:02]} Ne5 {[%emt 0:00:13]} 34. b4 {[%emt 0:00:13]} Nd3 {[%emt 0:00:05]} 35. Nxd3 {[%emt 0:00:04]} Bxd3 {[%emt 0:00:03]} 36. c6 {[%emt 0:00:07]} f5 {[%emt 0:00:05]} 37. c7 {[%emt 0:00:07]} f4 {[%emt 0:00:03]} 38. cxd8=Q+ {[%emt 0:00:05]} Rxd8 {[%emt 0:00:00]} 39. Bf2 {[%emt 0:00:04]} Qf5 {[%emt 0:00:12]} 40. Rc5 {[%emt 0:00:06]} axb4 {[%emt 0:00:09]} 41. axb4 {[%emt 0:00:03]} Bf8 {[%emt 0:00:03]} 42. Rc3 {[%emt 0:00:27]} Bxb4 {[%emt 0:00:05]} 43. Rcxd3 {[%emt 0:00:02]} Bxd2 {[%emt 0:00:06]} 44. Rxd2 {[%emt 0:00:08]} e3 {[%emt 0:00:03]} 45. Rxd5 {[%emt 0:00:08]} exf2+ {[%emt 0:00:02]} 46. Kxf2 {[%emt 0:00:03]} Rxd5 {[%emt 0:00:02]} 47. Qxd5+ {[%emt 0:00:05]} Qxd5 {[%emt 0:00:02]} 48. Bxd5+ {[%emt 0:00:02]} Kg7 {[%emt 0:00:00]} 49. Kf3 {[%emt 0:00:03]} Kf6 {[%emt 0:00:04]} 50. Ke4 {[%emt 0:00:05]} Kg6 {[%emt 0:00:08]} 51. Ke5 {[%emt 0:00:04]} Kh6 {[%emt 0:00:03]} 52. Kf5 {[%emt 0:00:06]} g4 {[%emt 0:00:13]} 53. Kxf4 {[%emt 0:00:06]} Kg6 {[%emt 0:00:01]} 54. Be6 {[%emt 0:00:02]} 1-0

[Event "European Online Club-ch-C 2021"]
[Site "Online"]
[Date "2021.03.27"]
[Round "7.7"]
[White "Reuker, Jari"]
[Black "Krejci, Jan"]
[Result "0-1"]
[WhiteElo "2423"]
[BlackElo "2540"]
[Annotator "ChessBase"]
[PlyCount "98"]
[EventDate "2021.03.27"]
[EventType "team-tourn"]
[EventCountry "NET"]
[SourceTitle "playchess.com"]
[Source "ChessBase"]
[SourceQuality "1"]
[TimeControl "900+5"]

1. e4 {[%emt 0:00:00]} e5 {[%emt 0:00:03]} 2. Nf3 {[%emt 0:00:06]} Nc6 {[%emt 0:00:01]} 3. Bb5 {[%emt 0:00:00]} a6 {[%emt 0:00:02]} 4. Ba4 {[%emt 0:00:02]} Nf6 {[%emt 0:00:01]} 5. O-O {[%emt 0:00:03]} Be7 {[%emt 0:00:01]} 6. Re1 {[%emt 0:00:01]} b5 {[%emt 0:00:02]} 7. Bb3 {[%emt 0:00:02]} d6 {[%emt 0:00:01]} 8. c3 {[%emt 0:00:01]} O-O {[%emt 0:00:02]} 9. h3 {[%emt 0:00:02]} Bb7 {[%emt 0:00:01]} 10. d4 {[%emt 0:00:32]} Nd7 {[%emt 0:00:03]} 11. Nbd2 {[%emt 0:01:45]} exd4 {[%emt 0:00:04]} 12. cxd4 {[%emt 0:00:04]} Bf6 {[%emt 0:00:02]} 13. Nf1 {[%emt 0:00:29]} Na5 {[%emt 0:00:03]} 14. Bc2 {[%emt 0:00:06]} Re8 {[%emt 0:00:01]} 15. Ng3 {[%emt 0:01:15]} g6 {[%emt 0:00:06]} 16. Bf4 {[%emt 0:01:24]} Nf8 {[%emt 0:00:21]} 17. b3 {[%emt 0:01:29]} Ne6 {[%emt 0:00:52]} 18. Be3 {[%emt 0:00:04]} c5 {[%emt 0:00:02]} 19. d5 {[%emt 0:01:05]} Bxa1 {[%emt 0:00:06]} 20. Qxa1 {[%emt 0:00:02]} Ng7 {[%emt 0:00:35]} 21. Bg5 {[%emt 0:00:09]} f6 {[%emt 0:00:28]} 22. Bxf6 {[%emt 0:00:02]} Qd7 {[%emt 0:00:02]} 23. Nh2 {[%emt 0:01:05]} Rf8 {[%emt 0:00:49]} 24. Rf1 {[%emt 0:02:21]} Rae8 {[%emt 0:00:17]} 25. Bg5 {[%emt 0:00:33]} h5 {[%emt 0:00:35]} 26. Bd2 {[%emt 0:00:20]} b4 {[%emt 0:00:04]} 27. f4 {[%emt 0:00:23]} Bc8 {[%emt 0:00:18]} 28. Nf3 {[%emt 0:00:22]} Nb7 {[%emt 0:00:28]} 29. Bd3 {[%emt 0:00:09]} Qe7 {[%emt 0:01:10]} 30. e5 {[%emt 0:00:47]} Bf5 {[%emt 0:01:16]} 31. Bc4 {[%emt 0:00:44]} h4 {[%emt 0:00:21]} 32. Nh1 {[%emt 0:00:27]} Na5 {[%emt 0:00:25]} 33. Qc1 {[%emt 0:01:25]} Nxc4 {[%emt 0:00:40]} 34. Qxc4 {[%emt 0:00:00]} Nh5 {[%emt 0:00:03]} 35. Be1 {[%emt 0:00:16]} Bd7 {[%emt 0:00:28]} 36. Bxh4 {[%emt 0:00:20]} Qg7 {[%emt 0:00:02]} 37. Bg5 {[%emt 0:00:02]} Bb5 {[%emt 0:00:04]} 38. Qc1 {[%emt 0:00:05]} Bxf1 {[%emt 0:00:05]} 39. Qxf1 {[%emt 0:00:03]} Nxf4 {[%emt 0:00:09]} 40. e6 {[%emt 0:00:04]} Nxd5 {[%emt 0:00:07]} 41. Qc4 {[%emt 0:00:04]} Rxf3 {[%emt 0:00:37]} 42. gxf3 {[%emt 0:00:06]} Qd4+ {[%emt 0:00:14]} 43. Nf2 {[%emt 0:00:03]} Qxc4 {[%emt 0:00:19]} 44. bxc4 {[%emt 0:00:00]} Nb6 {[%emt 0:00:02]} 45. e7 {[%emt 0:00:04]} Nxc4 {[%emt 0:00:11]} 46. Ne4 {[%emt 0:00:17]} Kf7 {[%emt 0:00:02]} 47. Kf2 {[%emt 0:00:02]} Ke6 {[%emt 0:00:22]} 48. Ke2 {[%emt 0:00:05]} Nb6 {[%emt 0:00:15]} 49. Kd3 {[%emt 0:00:10]} Nd5 {[%emt 0:00:11]} 0-1

[Event "European Online Club-ch-C 2021"]
[Site "Online"]
[Date "2021.03.27"]
[Round "7.8"]
[White "Hracek, Zbynek"]
[Black "Schulze, Lara"]
[Result "1/2-1/2"]
[WhiteElo "2565"]
[BlackElo "2269"]
[Annotator "ChessBase"]
[PlyCount "68"]
[EventDate "2021.03.27"]
[EventType "team-tourn"]
[EventCountry "NET"]
[SourceTitle "playchess.com"]
[Source "ChessBase"]
[SourceQuality "1"]
[TimeControl "900+5"]

1. d4 {[%emt 0:00:00]} Nf6 {[%emt 0:00:04]} 2. c4 {[%emt 0:00:02]} e6 {[%emt 0:00:02]} 3. Nc3 {[%emt 0:00:01]} Bb4 {[%emt 0:00:03]} 4. Nf3 {[%emt 0:00:02]} b6 {[%emt 0:00:04]} 5. Bg5 {[%emt 0:00:06]} Bb7 {[%emt 0:00:10]} 6. Nd2 {[%emt 0:00:05]} h6 {[%emt 0:00:51]} 7. Bh4 {[%emt 0:00:03]} e5 {[%emt 0:00:27]} 8. dxe5 {[%emt 0:00:48]} g5 {[%emt 0:00:35]} 9. Bg3 {[%emt 0:00:29]} Bxc3 {[%emt 0:00:27]} 10. bxc3 {[%emt 0:00:01]} Nh5 {[%emt 0:00:04]} 11. e3 {[%emt 0:00:09]} Nxg3 {[%emt 0:00:03]} 12. hxg3 {[%emt 0:00:00]} Qe7 {[%emt 0:00:19]} 13. Nf3 {[%emt 0:00:32]} Nc6 {[%emt 0:00:55]} 14. Be2 {[%emt 0:00:02]} O-O-O {[%emt 0:00:23]} 15. a4 {[%emt 0:00:15]} a5 {[%emt 0:00:14]} 16. Rb1 {[%emt 0:00:12]} Nxe5 {[%emt 0:00:10]} 17. O-O {[%emt 0:00:44]} h5 {[%emt 0:00:28]} 18. Nxe5 {[%emt 0:00:57]} Qxe5 {[%emt 0:00:04]} 19. Rb5 {[%emt 0:00:15]} Qe4 {[%emt 0:00:54]} 20. Bf3 {[%emt 0:00:05]} Qxc4 {[%emt 0:00:07]} 21. Bxb7+ {[%emt 0:00:23]} Kxb7 {[%emt 0:00:03]} 22. Rxg5 {[%emt 0:00:00]} h4 {[%emt 0:00:59]} 23. Rg4 {[%emt 0:00:27]} Qxc3 {[%emt 0:00:24]} 24. gxh4 {[%emt 0:00:02]} Qc6 {[%emt 0:00:43]} 25. g3 {[%emt 0:01:26]} Rdg8 {[%emt 0:00:40]} 26. Rxg8 {[%emt 0:00:22]} Rxg8 {[%emt 0:00:02]} 27. Qd4 {[%emt 0:00:00]} Qf3 {[%emt 0:03:06]} 28. Qxd7 {[%emt 0:00:35]} f5 {[%emt 0:00:30]} 29. Qd1 {[%emt 0:04:14]} Rxg3+ {[%emt 0:02:31]} 30. fxg3 {[%emt 0:00:00]} Qxg3+ {[%emt 0:00:02]} 31. Kh1 {[%emt 0:00:01]} Qh3+ {[%emt 0:00:03]} 32. Kg1 {[%emt 0:00:00]} Qg3+ {[%emt 0:00:02]} 33. Kh1 {[%emt 0:00:01]} Qh3+ {[%emt 0:00:02]} 34. Kg1 {[%emt 0:00:01]} Qg3+ {[%emt 0:00:02]} 1/2-1/2

[Event "European Online Club-ch-C 2021"]
[Site "Online"]
[Date "2021.03.27"]
[Round "7.9"]
[White "Markoja, Boris"]
[Black "Bluebaum, Matthias"]
[Result "0-1"]
[WhiteElo "2439"]
[BlackElo "2670"]
[Annotator "ChessBase"]
[PlyCount "58"]
[EventDate "2021.03.27"]
[EventType "team-tourn"]
[EventCountry "NET"]
[SourceTitle "playchess.com"]
[Source "ChessBase"]
[SourceQuality "1"]
[TimeControl "900+5"]

1. d4 {[%emt 0:00:00]} d5 {[%emt 0:00:03]} 2. c4 {[%emt 0:00:03]} e6 {[%emt 0:00:02]} 3. Nf3 {[%emt 0:00:02]} Nf6 {[%emt 0:00:03]} 4. g3 {[%emt 0:00:02]} Bb4+ {[%emt 0:00:03]} 5. Nbd2 {[%emt 0:00:02]} dxc4 {[%emt 0:00:07]} 6. Bg2 {[%emt 0:00:02]} b5 {[%emt 0:00:01]} 7. O-O {[%emt 0:01:06]} a5 {[%emt 0:00:02]} 8. a4 {[%emt 0:03:00]} c6 {[%emt 0:00:07]} 9. Qc2 {[%emt 0:00:15]} O-O {[%emt 0:00:33]} 10. b3 {[%emt 0:00:36]} cxb3 {[%emt 0:00:09]} 11. Nxb3 {[%emt 0:00:05]} bxa4 {[%emt 0:00:14]} 12. Nc5 {[%emt 0:00:30]} Nbd7 {[%emt 0:00:42]} 13. Nxa4 {[%emt 0:00:12]} Ba6 {[%emt 0:00:24]} 14. Rd1 {[%emt 0:00:09]} Qe7 {[%emt 0:00:37]} 15. e4 {[%emt 0:01:36]} h6 {[%emt 0:00:56]} 16. h3 {[%emt 0:00:10]} c5 {[%emt 0:01:12]} 17. d5 {[%emt 0:00:31]} exd5 {[%emt 0:00:11]} 18. exd5 {[%emt 0:00:47]} Be2 {[%emt 0:00:18]} 19. Be3 {[%emt 0:00:37]} Bxd1 {[%emt 0:00:07]} 20. Rxd1 {[%emt 0:00:02]} Rad8 {[%emt 0:00:19]} 21. Nd2 {[%emt 0:00:18]} Ne5 {[%emt 0:00:46]} 22. Nc4 {[%emt 0:00:14]} Nxc4 {[%emt 0:00:04]} 23. Qxc4 {[%emt 0:00:02]} Rfe8 {[%emt 0:00:20]} 24. Bf3 {[%emt 0:03:28]} Qd7 {[%emt 0:00:24]} 25. Nxc5 {[%emt 0:00:10]} Qc7 {[%emt 0:00:43]} 26. Bd4 {[%emt 0:00:42]} Ne4 {[%emt 0:00:15]} 27. Rc1 {[%emt 0:01:35]} Nxc5 {[%emt 0:00:17]} 28. Bxc5 {[%emt 0:00:06]} Bxc5 {[%emt 0:00:02]} 29. Qxc5 {[%emt 0:00:03]} Re1+ {[%emt 0:00:03]} 0-1